000 01785nam a2200541 i 4500
001 25921
003 KOSZ 005
005 20200805084836.0
008 200805s1974 pl a f 000 0 pol
015 _aUWD 1974/6555
035 _a991030988489705066
035 _a(PL-WaBN)b18342371-48omnis_nlop
035 _ab18342371
035 _a(OCoLC)812710568
035 _a(PL)b0000001834237
035 _a(EXLNZ-48OMNIS_NETWORK)9910486637705606
040 _aWA N
_cWA N
_dKOSZ 005/RW
046 _k1974
080 _a528
080 _a621.396.96
080 _a51
080 _a(07)
100 1 _aWereszczyński, Jan
_d(1914-1991)
_eAutor
245 1 0 _aPodstawy matematyczne radiookreślania pozycji /
_cJan Wereszczyński.
260 _aWarszawa :
_bPaństwowe Wydawnictwo Naukowe,
_c1974.
300 _a158, [2] stron :
_bilustracje, mapy, wykresy ;
_c24 cm.
336 _aTekst
_btxt
_2rdacontent
337 _aBez urządzenia pośredniczącego
_bn
_2rdamedia
338 _aWolumin
_bnc
_2rdacarrier
380 _aKsiążki
380 _aPublikacje dydaktyczne
388 1 _a1901-2000
388 1 _a1945-1989
504 _aBibliografia przy rozdziałach.
521 8 _aSkrypt dla studentów wyższych szkół technicznych.
650 7 _aGeodezja
_2DBN
650 7 _aPomiary
650 7 _aMatematyka
_2DBN
650 7 _aZastosowanie i wykorzystanie
650 7 _aRadiolokacja
_2DBN
655 7 _aPodręcznik
658 _aGeografia i nauki o Ziemi
658 _aInżynieria i technika
710 2 _aPaństwowe Wydawnictwo Naukowe
_4pbl
856 _uhttp://koha.tu.koszalin.pl/cgi-bin/koha/opac-detail.pl?biblionumber=25921
_yKatalog online BPK
942 _2UKD
_cKS
999 _c25921
_d25921